000
00256nam a2200109Ia 4500
008
200302s9999 xx 000 0 und d
100
_a
Ian Ritchie
245
_a
Being: An Architect Vol II
260
_b
Royal Academy of Arts
260
_c
2013
300
_a
247
999
_c
3560
_d
3560